Latch - Disclosure, Sam smith (all lyrics) - Statistics

General Stats
  • This quiz has been taken 12 times
  • The average score is 247 of 328
Answer Stats
Answer % Correct
I
100%
(I
100%
I'm
100%
(I'm
100%
in
100%
my
100%
to
100%
To
100%
You
100%
You,
100%
you
100%
you)
100%
go
91%
go,
91%
go)
91%
got
91%
Got
91%
latching
91%
(no,
91%
on,
91%
on
91%
Now
82%
of
82%
When
82%
when
82%
won't
82%
your
82%
close
73%
Could
73%
have
73%
heart
73%
If
73%
is
73%
it?
73%
I've
73%
let
73%
me
73%
space
73%
the
73%
wanna
73%
we're
73%
what
73%
What
73%
you're
73%
are
64%
do
64%
enough
64%
feel
64%
Feel
64%
Hold
64%
know
64%
love
64%
love,
64%
make
64%
not
64%
them
64%
there
64%
baby?
55%
did
55%
embrace
55%
How
55%
out
55%
rest
55%
shackled
55%
so
55%
think
55%
up
55%
will
55%
around
45%
babe
45%
chest?
45%
down
45%
Even
45%
found
45%
knock
45%
lock
45%
touch
45%
wrapped
45%
boundaries
36%
breath
36%
every
36%
give
36%
lift
36%
losing
36%
try
36%
within
36%
clutch
27%
enamored
27%
enchant
27%
'Nother
27%
('nother)
27%
('Nother)
27%
('nother),
27%
'nother)
27%
tight
27%
ah
18%
encaptured
18%
bleed
9%
No matching quizzes found
Score Distribution
Percent of People with Each Score
Percentile by Number Answered
Your Score History
You have not taken this quiz